[Event "Titled Tuesday intern op 13th Feb Early"]
[Site "Chess.com INT"]
[Date "2024.02.13"]
[Round "9"]
[White "Garcia Blanco, Omar"]
[Black "Gelman, Alexander"]
[Result "1-0"]
[WhiteElo "2375"]
[BlackElo "2403"]
[PlyCount "101"]
[EventDate "2024.02.13"]
[EventType "swiss (blitz)"]
[EventRounds "11"]
[EventCountry "USA"]
[SourceTitle "CB08_2024"]
[SourceDate "2024.02.21"]
[SourceVersion "1"]
[SourceVersionDate "2024.02.21"]
[SourceQuality "1"]

1. Nf3 c5 2. e3 d6 3. d4 Nd7 4. c4 Ngf6 5. Nc3 a6 6. Be2 e6 7. 0-0 b6 8. b3 Bb7 9. Bb2 Rg8 10. d5 g5 11. e4 g4 12. Ne1 Qe7 13. Nd3 h5 14. a3 h4 15. b4 Bh6 16. bxc5 dxc5 17. e5 Nh5 18. Ne4 Kf8 19. Bc1 Bxc1 20. Qxc1 Rg6 21. Nd6 Rb8 22. Nxb7 Rxb7 23. h3 exd5 24. Bxg4 Nxe5 25. Nxe5 Qxe5 26. Re1 Qg5 27. Qb2 Nf6 28. Bf3 Rd7 29. Qxb6 dxc4 30. Qb8+ Kg7 31. Qe5 c3 32. Rac1 Rd3 33. Qxg5 Rxg5 34. Be2 Rxh3 35. Bxa6 c2 36. Rxc2 Rxa3 37. Bf1 Ra7 38. Rec1 Rc7 39. Be2 Nd7 40. Bb5 Nf8 41. Kh2 Ne6 42. Bc4 Nf4 43. Bf1 Kf6 44. Rc4 Ke5 45. Re1+ Kf5 46. Rec1 Ne6 47. Re1 Rg4 48. Bd3+ Kg5 49. Re5+ f5 50. Rxf5+ Kh6 51. Rxg4 1-0

[Event "Gran Canaria Vecindario op 1st"]
[Site "Gran Canaria"]
[Date "2023.11.05"]
[Round "7"]
[White "Garcia Blanco, Omar"]
[Black "Moreno Diepa, Diego"]
[Result "0-1"]
[WhiteElo "2302"]
[BlackElo "2071"]
[PlyCount "140"]
[EventDate "2023.11.04"]
[EventType "swiss"]
[EventRounds "9"]
[EventCountry "ESP"]
[SourceTitle "CB46_2023"]
[SourceDate "2023.11.15"]
[SourceVersion "1"]
[SourceVersionDate "2023.11.15"]
[SourceQuality "1"]

1. Nf3 d5 2. g3 Nf6 3. c4 c6 4. Qc2 g6 5. Bg2 Bg7 6. 0-0 0-0 7. d3 Nbd7 8. Nbd2 e5 9. e4 Re8 10. b3 a5 11. a3 a4 12. b4 d4 13. c5 b6 14. cxb6 Nxb6 15. Bb2 Ba6 16. Rac1 Bb5 17. Ne1 h5 18. Nc4 h4 19. Qd2 Ng4 20. Nxb6 Qxb6 21. Qg5 Nh6 22. Qxh4 Qd8 23. Qxd8 Raxd8 24. h3 f6 25. Bf3 Nf7 26. Be2 Ng5 27. Rc2 Nxh3+ 28. Kg2 Ng5 29. Bc1 Ne6 30. Nf3 f5 31. Nd2 Bh6 32. Nc4 Bxc1 33. Rcxc1 fxe4 34. dxe4 Ng5 35. Bd3 Nf7 36. Nb2 Nd6 37. f3 Rc8 38. Rc5 Nb7 39. Rc2 Bxd3 40. Nxd3 Re6 41. Rfc1 Nd8 42. Nc5 Rd6 43. Nxa4 Ra8 44. Nb6 Ra6 45. Nc4 Re6 46. Rd2 Kf7 47. Rd3 Nb7 48. Rf1 c5 49. f4 exf4 50. Rxf4+ Kg7 51. b5 Ra4 52. Nb2 Ra8 53. a4 Nd6 54. Ra3 Nxe4 55. Nd3 c4 56. Nb4 c3 57. Rf3 Nd2 58. Rd3 Re2+ 59. Kg1 Rf8 60. Ra1 Nf3+ 61. Kf1 Rh2 62. Nc6 Rh1+ 63. Kf2 Rxa1 64. Rxf3 Ra2+ 65. Ke1 Rxf3 66. Nxd4 Rd3 67. Ne6+ Kf6 68. Nc5 Re3+ 69. Kd1 Rd2+ 70. Kc1 Re1# 0-1

[Event "Gran Canaria Vecindario op 1st"]
[Site "Gran Canaria"]
[Date "2023.11.05"]
[Round "8"]
[White "Rivero Reyes, Alejandro"]
[Black "Garcia Blanco, Omar"]
[Result "0-1"]
[WhiteElo "1641"]
[BlackElo "2302"]
[PlyCount "40"]
[EventDate "2023.11.04"]
[EventType "swiss"]
[EventRounds "9"]
[EventCountry "ESP"]
[SourceTitle "CB46_2023"]
[SourceDate "2023.11.15"]
[SourceVersion "1"]
[SourceVersionDate "2023.11.15"]
[SourceQuality "1"]

1. Nf3 f5 2. g3 Nf6 3. Bg2 g6 4. 0-0 Bg7 5. c4 0-0 6. Nc3 d6 7. d4 c6 8. Qc2 Na6 9. a3 Qc7 10. e4 e5 11. dxe5 dxe5 12. exf5 Bxf5 13. Qe2 Nc5 14. Qxe5 Qxe5 15. Nxe5 Nb3 16. Ra2 Rfe8 17. f4 Ng4 18. Nxg4 Bxg4 19. Ne4 Be2 20. Nd6 Bd4+ 0-1

[Event "Gran Canaria Vecindario op 1st"]
[Site "Gran Canaria"]
[Date "2023.11.04"]
[Round "3"]
[White "Garcia Blanco, Omar"]
[Black "Fernandez Manrique, Agustin"]
[Result "1-0"]
[WhiteElo "2302"]
[BlackElo "1880"]
[PlyCount "21"]
[EventDate "2023.11.04"]
[EventType "swiss"]
[EventRounds "9"]
[EventCountry "ESP"]
[SourceTitle "CB46_2023"]
[SourceDate "2023.11.15"]
[SourceVersion "1"]
[SourceVersionDate "2023.11.15"]
[SourceQuality "1"]

1. e4 e6 2. d4 d5 3. Nc3 dxe4 4. Nxe4 Nd7 5. Nf3 Ngf6 6. Nxf6+ Nxf6 7. c3 c5 8. Ne5 Bd6 9. Bb5+ Kf8 10. dxc5 Ne4 11. cxd6 1-0

[Event "ESP-ch 88th"]
[Site "Marbella"]
[Date "2023.10.17"]
[Round "5"]
[White "Garcia Blanco, Omar"]
[Black "Gines Esteo, Pedro Antonio"]
[Result "0-1"]
[WhiteElo "2369"]
[BlackElo "2490"]
[PlyCount "118"]
[EventDate "2023.10.13"]
[EventType "swiss"]
[EventRounds "9"]
[EventCountry "ESP"]
[SourceTitle "Mega2024 Update 01"]
[Source "Chessbase"]
[SourceDate "2023.11.12"]
[SourceVersion "1"]
[SourceVersionDate "2023.11.12"]
[SourceQuality "1"]

1. e4 c6 2. d4 d5 3. exd5 cxd5 4. c4 Nf6 5. Nc3 Nc6 6. Nf3 a6 7. h3 e6 8. cxd5 Nxd5 9. Bd3 g6 10. Bg5 f6 11. Bc1 Bg7 12. 0-0 0-0 13. Re1 Nce7 14. h4 Bd7 15. Ne4 b6 16. Bd2 Bb5 17. Bc2 a5 18. h5 Qd7 19. hxg6 hxg6 20. Nh4 g5 21. Bxg5 fxg5 22. Nxg5 Rf6 23. Qg4 Nf5 24. Rxe6 Nxh4 25. Bh7+ Kh8 26. Qxh4 Rxe6 27. Nxe6 Qxe6 28. Bd3+ Qh6 29. Qxh6+ Bxh6 30. Bxb5 Rc8 31. a4 Bd2 32. Ra3 Rc1+ 33. Kh2 Rc2 34. Rf3 Kg7 35. b3 Bf4+ 36. g3 Bd6 37. Rf5 Ne3 38. Rf3 Ng4+ 39. Kg1 Rd2 40. Rd3 Rb2 41. Rf3 Bb4 42. Rf5 Be7 43. Bc4 Bf6 44. Rb5 Rxf2 45. Be6 Bxd4 46. Rg5+ Kf6 47. Rxg4 Rd2+ 48. Rxd4 Rxd4 49. Bc4 Rd2 50. Kf1 Kf5 51. Ke1 Rg2 52. Kd1 Ke4 53. g4 Rxg4 54. Kc2 Kd4 55. Kb2 Rg2+ 56. Ka3 Kc3 57. Be6 Rg1 58. Ka2 Kb4 59. Bd5 Rf1 0-1

[Event "ESP-ch 88th"]
[Site "Marbella"]
[Date "2023.10.13"]
[Round "1"]
[White "Guadamuro Torrente, Anabel"]
[Black "Garcia Blanco, Omar"]
[Result "1/2-1/2"]
[WhiteElo "2033"]
[BlackElo "2369"]
[PlyCount "85"]
[EventDate "2023.10.13"]
[EventType "swiss"]
[EventRounds "9"]
[EventCountry "ESP"]
[SourceTitle "Mega2024 Update 01"]
[Source "Chessbase"]
[SourceDate "2023.11.12"]
[SourceVersion "1"]
[SourceVersionDate "2023.11.12"]
[SourceQuality "1"]

1. e4 c5 2. d3 e6 3. g3 d5 4. Nd2 Bd6 5. Bg2 Ne7 6. f4 Nbc6 7. Ngf3 0-0 8. 0-0 b5 9. Nh4 Bb7 10. f5 exf5 11. exd5 Nb4 12. Nxf5 Nxf5 13. Rxf5 g6 14. Rf1 Bxd5 15. Bxd5 Nxd5 16. Ne4 f5 17. Nxd6 Qxd6 18. Bh6 Rfe8 19. Qf3 Nf6 20. c3 Rad8 21. Bg5 Kg7 22. Rae1 Qd7 23. Rxe8 Rxe8 24. Bxf6+ Kxf6 25. g4 Re5 26. Qa8 Re2 27. gxf5 Qd6 28. fxg6+ Kg5 29. h4+ Kxh4 30. Qh1+ Kg5 31. Qh3 hxg6 32. Rf3 Qe5 33. Rg3+ Kf6 34. Qh8+ Kf7 35. Rf3+ Ke6 36. Qe8+ Kd5 37. Qd7+ Qd6 38. c4+ bxc4 39. dxc4+ Ke5 40. Qe8+ Qe6 41. Qb8+ Qd6 42. Qe8+ Qe6 43. Qb8+ 1/2-1/2

[Event "San Cristobal op 5th"]
[Site "San Cristobal de La Laguna"]
[Date "2023.09.02"]
[Round "9"]
[White "Garcia Blanco, Omar"]
[Black "Perez Bolanos, Joel"]
[Result "1/2-1/2"]
[WhiteElo "2404"]
[BlackElo "2021"]
[PlyCount "77"]
[EventDate "2023.08.26"]
[EventType "swiss"]
[EventRounds "9"]
[EventCountry "ESP"]
[SourceTitle "EXT 2024"]
[Source "ChessBase"]
[SourceDate "2023.10.10"]
[SourceVersion "1"]
[SourceVersionDate "2023.10.10"]
[SourceQuality "1"]

1. e4 g6 2. d4 Bg7 3. Nc3 c6 4. f4 d5 5. e5 h5 6. Nf3 Bg4 7. Be2 Bxf3 8. Bxf3 Nh6 9. Be3 Nf5 10. Bf2 e6 11. Qd2 Nd7 12. Nd1 Bf8 13. Ne3 Qb6 14. c3 Nxe3 15. Bxe3 c5 16. 0-0 cxd4 17. cxd4 0-0-0 18. a3 Kb8 19. b4 Be7 20. Rfb1 Rc8 21. a4 Qc6 22. Rc1 Qb6 23. Rc5 Nxc5 24. dxc5 Qc7 25. a5 a6 26. Bd1 d4 27. Qxd4 Rhd8 28. Qc4 Qd7 29. Be2 Qd5 30. Qc2 Qc6 31. Rb1 Rd5 32. Bf3 Rcd8 33. Bxd5 Rxd5 34. Qc4 Qa4 35. Rc1 Qa3 36. Bf2 Qa4 37. Be3 Qa3 38. Bf2 Qa4 39. Be3 1/2-1/2

[Event "San Cristobal op 5th"]
[Site "San Cristobal de La Laguna"]
[Date "2023.08.29"]
[Round "5"]
[White "Lu, Miaoyi"]
[Black "Garcia Blanco, Omar"]
[Result "1-0"]
[WhiteElo "2226"]
[BlackElo "2404"]
[PlyCount "73"]
[EventDate "2023.08.26"]
[EventType "swiss"]
[EventRounds "9"]
[EventCountry "ESP"]
[SourceTitle "EXT 2024"]
[Source "ChessBase"]
[SourceDate "2023.10.10"]
[SourceVersion "1"]
[SourceVersionDate "2023.10.10"]
[SourceQuality "1"]

1. e4 e6 2. d4 d5 3. Nc3 Nf6 4. e5 Nfd7 5. f4 c5 6. Nf3 Nc6 7. Be3 a6 8. h4 cxd4 9. Nxd4 Bc5 10. Qd2 Qc7 11. h5 Nxd4 12. Bxd4 b5 13. a3 Bb7 14. Rh3 0-0 15. Ne2 f6 16. Rc3 Qb6 17. Rxc5 fxe5 18. Rxd5 Qc6 19. Rxd7 Qxd7 20. Bxe5 Qf7 21. h6 Rad8 22. Qe3 g6 23. Ng3 Qe7 24. Bd3 Qh4 25. 0-0-0 Bxg2 26. Rg1 Qh3 27. Bc3 Bd5 28. Qe5 Rd7 29. Qh8+ Kf7 30. Qxh7+ Ke8 31. Qxg6+ Kd8 32. h7 Qh2 33. Ne2 Kc7 34. Qg8 Rdd8 35. Ba5+ Kc8 36. Bxd8 Rxd8 37. Qxd8+ 1-0

[Event "Titled Tuesday intern op 22nd Aug Late"]
[Site "Chess.com INT"]
[Date "2023.08.22"]
[Round "7"]
[White "Garcia Blanco, Omar"]
[Black "Kirillov, Dmitry1111"]
[Result "0-1"]
[WhiteElo "2404"]
[BlackElo "2206"]
[PlyCount "120"]
[EventDate "2023.08.22"]
[EventType "swiss (blitz)"]
[EventRounds "11"]
[EventCountry "USA"]
[SourceTitle "EXT 2024"]
[Source "ChessBase"]
[SourceDate "2023.10.10"]
[SourceVersion "1"]
[SourceVersionDate "2023.10.10"]
[SourceQuality "1"]

1. e4 e5 2. Nc3 Nf6 3. f4 d5 4. fxe5 Nxe4 5. Qe2 Nc6 6. Nf3 Nxc3 7. dxc3 Bg4 8. Bf4 Bc5 9. 0-0-0 0-0 10. Kb1 Re8 11. h3 Bxf3 12. Qxf3 Nxe5 13. Qg3 Qf6 14. Rxd5 Ng6 15. Bg5 Bf2 16. Qf3 Qxg5 17. Bc4 Qe3 18. Rf5 Qxf3 19. Rxf3 Ne5 20. Bxf7+ Nxf7 21. Rxf2 Re7 22. a3 Rae8 23. Ka2 Re1 24. Rxe1 Rxe1 25. Rf4 Re2 26. Kb3 Rxg2 27. Rc4 c6 28. Ra4 a6 29. Rd4 Rg5 30. a4 Rd5 31. Re4 Nd6 32. Re7 Kf8 33. Rd7 b5 34. a5 Nc4 35. Ra7 Nxa5+ 36. Kb4 Nc4 37. Rxa6 Nxb2 38. Rxc6 Nc4 39. Rc7 Kg8 40. Rb7 h5 41. h4 Kh7 42. Rc7 Kh6 43. Rc6+ g6 44. Ra6 Ne3 45. Rb6 Nxc2+ 46. Kb3 Ne3 47. Kb4 Nc4 48. Rc6 Ne5 49. Rc8 Nc4 50. Ra8 Rf5 51. Rc8 Rf4 52. Kxb5 Nd6+ 53. Kb6 Nxc8+ 54. Kb5 Rxh4 55. c4 Rxc4 56. Kxc4 h4 57. Kd3 h3 58. Ke2 h2 59. Kf2 h1Q 60. Kg3 Qe4 0-1

[Event "La Palma Island op"]
[Site "Santa Cruz de La Palma"]
[Date "2023.08.09"]
[Round "7"]
[White "Mamani Beltran, Deniman"]
[Black "Garcia Blanco, Omar"]
[Result "1-0"]
[WhiteElo "2198"]
[BlackElo "2404"]
[PlyCount "119"]
[EventDate "2023.08.05"]
[EventType "swiss"]
[EventRounds "9"]
[EventCountry "ESP"]
[SourceTitle "CBM 215 Extra"]
[Source "ChessBase"]
[SourceDate "2023.09.30"]
[SourceVersion "1"]
[SourceVersionDate "2023.09.30"]
[SourceQuality "1"]

1. e4 c5 2. Nf3 a6 3. c4 e6 4. d4 cxd4 5. Nxd4 Nf6 6. Nc3 Bb4 7. Bd3 Qc7 8. 0-0 Nc6 9. Nxc6 dxc6 10. a3 Bc5 11. Qe2 e5 12. Be3 Bxe3 13. Qxe3 0-0 14. Na4 Be6 15. Rfd1 Rad8 16. Nc5 Rd4 17. Nb3 Rd6 18. Be2 Rfd8 19. Rxd6 Rxd6 20. f3 g6 21. Kf2 Nh5 22. g3 Ng7 23. Qc3 Rd8 24. Rd1 Rf8 25. Kg2 f5 26. Nc5 Bc8 27. Nd3 Re8 28. c5 Nh5 29. Nxe5 Qxe5 30. Qxe5 Rxe5 31. Rd8+ Kg7 32. Rxc8 Re7 33. Rd8 fxe4 34. fxe4 Nf6 35. Bd3 Nd7 36. b4 Ne5 37. Be2 Nf7 38. Rd4 Ng5 39. Bg4 Kh6 40. h4 Nxe4 41. Rd7 Re5 42. Rxb7 a5 43. Bf3 axb4 44. axb4 g5 45. Rb6 gxh4 46. gxh4 Nd2 47. Rxc6+ Kg7 48. Rd6 Nc4 49. Rd7+ Kf6 50. Rxh7 Ne3+ 51. Kf2 Nc2 52. c6 Nxb4 53. c7 Nd3+ 54. Kg3 Re8 55. Bg4 Kg6 56. Rd7 Nc5 57. Rd8 Re3+ 58. Kg2 Nd3 59. c8Q Nf4+ 60. Kf2 1-0

[Event "La Palma Island op"]
[Site "Santa Cruz de La Palma"]
[Date "2023.08.08"]
[Round "6"]
[White "Garcia Blanco, Omar"]
[Black "Cai, Chaoruo"]
[Result "1/2-1/2"]
[WhiteElo "2404"]
[BlackElo "2209"]
[PlyCount "57"]
[EventDate "2023.08.05"]
[EventType "swiss"]
[EventRounds "9"]
[EventCountry "ESP"]
[SourceTitle "CBM 215 Extra"]
[Source "ChessBase"]
[SourceDate "2023.09.30"]
[SourceVersion "1"]
[SourceVersionDate "2023.09.30"]
[SourceQuality "1"]

1. e4 e6 2. d4 d5 3. Nc3 Nf6 4. e5 Nfd7 5. f4 c5 6. Nf3 Nc6 7. Be3 a6 8. Qd2 b5 9. a3 Qb6 10. Rd1 Bb7 11. Be2 Rc8 12. 0-0 cxd4 13. Nxd4 Bc5 14. Rf3 Nxd4 15. Bxd4 Bxd4+ 16. Qxd4 Ke7 17. Rg3 g6 18. Qf2 Qxf2+ 19. Kxf2 Bc6 20. Rd4 Rb8 21. Nb1 Rhc8 22. Nd2 Nc5 23. b3 h5 24. Ke1 Be8 25. Re3 Rb7 26. g3 Rbc7 27. Bd1 a5 28. h3 Bc6 29. Re2 1/2-1/2

[Event "La Palma Island op"]
[Site "Santa Cruz de La Palma"]
[Date "2023.08.06"]
[Round "2"]
[White "Garcia Blanco, Omar"]
[Black "Gimenez Menchon, Cesar"]
[Result "0-1"]
[WhiteElo "2404"]
[BlackElo "2121"]
[PlyCount "116"]
[EventDate "2023.08.05"]
[EventType "swiss"]
[EventRounds "9"]
[EventCountry "ESP"]
[SourceTitle "CBM 215 Extra"]
[Source "ChessBase"]
[SourceDate "2023.09.30"]
[SourceVersion "1"]
[SourceVersionDate "2023.09.30"]
[SourceQuality "1"]

1. e4 d6 2. d4 Nf6 3. Nc3 e5 4. f4 exd4 5. Qxd4 Be7 6. Bd2 0-0 7. 0-0-0 Re8 8. Nf3 Bf8 9. Bc4 c6 10. Ng5 d5 11. exd5 b5 12. Bd3 c5 13. Qf2 c4 14. Be2 h6 15. h4 b4 16. Bxc4 bxc3 17. Bxc3 Ng4 18. Qg3 Re3 19. Nf3 Rxc3 20. bxc3 Ba3+ 21. Kd2 Nc6 22. Ne5 Na5 23. Bd3 Qxd5 24. Nxg4 Bxg4 25. Qxg4 Re8 26. f5 h5 27. c4 Qe5 28. Qe4 Bb4+ 29. Ke2 Qb8 30. Rh3 Nxc4 31. c3 Rxe4+ 32. Bxe4 Bc5 33. Rd5 Bb6 34. Rf3 Qe8 35. Rf4 Bc7 36. Rc5 Bxf4 37. Rxc4 Qb5 38. Bd3 Qb2+ 39. Kf3 Qd2 40. Rxf4 Qxd3+ 41. Kf2 Qd2+ 42. Kg3 Qxc3+ 43. Rf3 Qc4 44. a3 Qg4+ 45. Kf2 Qxh4+ 46. Kf1 Qc4+ 47. Kf2 a5 48. Kg3 a4 49. Kf2 Kh7 50. Kg3 Kh6 51. Kf2 Kg5 52. Kg1 Qc1+ 53. Kf2 h4 54. Ke2 Kg4 55. f6 g5 56. Kf2 Qd1 57. Rh3 Qd4+ 58. Kf1 Qxf6+ 0-1

[Event "Titled Tuesday intern op 18th Jul Early"]
[Site "Chess.com INT"]
[Date "2023.07.18"]
[Round "4"]
[White "Garcia Blanco, Omar"]
[Black "Mejia, Cherry Ann"]
[Result "1-0"]
[WhiteElo "2416"]
[BlackElo "1919"]
[PlyCount "37"]
[EventDate "2023.07.18"]
[EventType "swiss (blitz)"]
[EventRounds "11"]
[EventCountry "USA"]
[SourceTitle "EXT 2024"]
[Source "ChessBase"]
[SourceDate "2023.10.10"]
[SourceVersion "1"]
[SourceVersionDate "2023.10.10"]
[SourceQuality "1"]

1. e4 c5 2. Nc3 a6 3. g3 b5 4. Bg2 Bb7 5. Nge2 e6 6. d4 cxd4 7. Nxd4 Qc7 8. 0-0 Nf6 9. Re1 d6 10. a4 b4 11. Nd5 exd5 12. exd5+ Be7 13. Nf5 0-0 14. Rxe7 Qc8 15. Bh3 Nbd7 16. Bg5 Qc5 17. Bxf6 Nxf6 18. Rxb7 Nxd5 19. Qxd5 1-0

[Event "Titled Tuesday intern op 18th Jul Early"]
[Site "Chess.com INT"]
[Date "2023.07.18"]
[Round "1"]
[White "Garcia Blanco, Omar"]
[Black "Mikhaylova, Irina"]
[Result "1-0"]
[WhiteElo "2416"]
[BlackElo "2216"]
[PlyCount "73"]
[EventDate "2023.07.18"]
[EventType "swiss (blitz)"]
[EventRounds "11"]
[EventCountry "USA"]
[SourceTitle "EXT 2024"]
[Source "ChessBase"]
[SourceDate "2023.10.10"]
[SourceVersion "1"]
[SourceVersionDate "2023.10.10"]
[SourceQuality "1"]

1. e4 c5 2. Nc3 Nc6 3. Bb5 Nd4 4. Nf3 e6 5. 0-0 Ne7 6. Nxd4 cxd4 7. Ne2 Nc6 8. c3 Bc5 9. b4 Bb6 10. Bb2 dxc3 11. Bxc3 0-0 12. d4 d5 13. e5 a5 14. a3 Bd7 15. Bd3 axb4 16. axb4 Rxa1 17. Qxa1 f5 18. Qb2 f4 19. b5 Ne7 20. f3 Nf5 21. Rc1 Qg5 22. Bxf5 Rxf5 23. Kh1 Qh4 24. Be1 Qh5 25. Qa3 Qf7 26. Qd6 Bd8 27. Qb8 Qe8 28. Qxb7 Bxb5 29. Ng1 Bc4 30. Ra1 Rf7 31. Qb8 Rf8 32. Ra8 Bb5 33. Qa7 Qd7 34. Qa3 Be7 35. Rxf8+ Bxf8 36. Bb4 Qe8 37. Qa5 1-0

[Event "Titled Tuesday intern op 20th Jun Early"]
[Site "Chess.com INT"]
[Date "2023.06.20"]
[Round "4"]
[White "Garcia Blanco, Omar"]
[Black "Goutham Krishna, H."]
[Result "1-0"]
[WhiteElo "2416"]
[BlackElo "2082"]
[PlyCount "79"]
[EventDate "2023.06.20"]
[EventType "swiss (blitz)"]
[EventRounds "11"]
[EventCountry "USA"]
[SourceTitle "EXT 2024"]
[Source "ChessBase"]
[SourceDate "2023.10.10"]
[SourceVersion "1"]
[SourceVersionDate "2023.10.10"]
[SourceQuality "1"]

1. e4 c5 2. Nc3 Nc6 3. Bb5 Nd4 4. Nf3 e6 5. 0-0 a6 6. Bd3 Nc6 7. b3 g6 8. Bb2 Bg7 9. Na4 Bxb2 10. Nxb2 d6 11. c3 Nge7 12. Bc2 0-0 13. d4 cxd4 14. cxd4 d5 15. e5 Bd7 16. Nd3 Rc8 17. Nf4 Kg7 18. h4 h6 19. a3 Qb6 20. b4 Na7 21. Re1 Nb5 22. Re3 a5 23. Ne2 axb4 24. axb4 Rc7 25. h5 Rfc8 26. Ba4 Nf5 27. Rd3 Rc4 28. g4 Ne7 29. Qd2 Nc6 30. Bxb5 Qxb5 31. Qf4 Be8 32. Qf6+ Kh7 33. hxg6+ fxg6 34. Ng5+ Kg8 35. Qxe6+ Kg7 36. Qf6+ Kg8 37. Ne6 Rc7 38. Qf8+ Kh7 39. Ng5+ hxg5 40. Rh3# 1-0

[Event "Titled Tuesday intern op 06th Jun Early"]
[Site "Chess.com INT"]
[Date "2023.06.06"]
[Round "5"]
[White "Andrews, Todd D"]
[Black "Garcia Blanco, Omar"]
[Result "0-1"]
[WhiteElo "2174"]
[BlackElo "2416"]
[PlyCount "86"]
[EventDate "2023.06.06"]
[EventType "swiss (blitz)"]
[EventRounds "11"]
[EventCountry "USA"]
[SourceTitle "EXT 2024"]
[Source "ChessBase"]
[SourceDate "2023.10.10"]
[SourceVersion "1"]
[SourceVersionDate "2023.10.10"]
[SourceQuality "1"]

1. e4 c6 2. c4 e5 3. Nf3 d6 4. Nc3 Nf6 5. d4 Bg4 6. Be3 Nbd7 7. Be2 Be7 8. d5 0-0 9. Nd2 Bxe2 10. Qxe2 g6 11. g4 a6 12. h4 h5 13. gxh5 Nxh5 14. 0-0-0 c5 15. Rdg1 Ndf6 16. Bh6 Re8 17. Kb1 b5 18. Nf1 bxc4 19. Ng3 Kh7 20. Nxh5 Nxh5 21. Bc1 Rb8 22. Qf3 Rf8 23. Qe3 Rh8 24. Ne2 Bf8 25. Qf3 Qf6 26. Qg2 Bh6 27. Bg5 Qg7 28. Qf3 Rb7 29. Ng3 Nxg3 30. Rxg3 Bxg5 31. hxg5+ Kg8 32. Rxh8+ Kxh8 33. Rh3+ Kg8 34. Qg4 Rb8 35. Qd7 Qf8 36. Qc7 Qc8 37. Qe7 Qxh3 38. Qxd6 Qd3+ 39. Kc1 Qf1+ 40. Kc2 Qxf2+ 41. Kd1 Qf1+ 42. Kd2 Rxb2+ 43. Ke3 Qd3# 0-1

[Event "Titled Tuesday intern op 06th Jun Early"]
[Site "Chess.com INT"]
[Date "2023.06.06"]
[Round "7"]
[White "Garcia Blanco, Omar"]
[Black "Matveeva, Olga"]
[Result "1-0"]
[WhiteElo "2416"]
[BlackElo "2128"]
[PlyCount "83"]
[EventDate "2023.06.06"]
[EventType "swiss (blitz)"]
[EventRounds "11"]
[EventCountry "USA"]
[SourceTitle "EXT 2024"]
[Source "ChessBase"]
[SourceDate "2023.10.10"]
[SourceVersion "1"]
[SourceVersionDate "2023.10.10"]
[SourceQuality "1"]

1. e4 e6 2. d4 d5 3. e5 c5 4. c3 Nc6 5. Nf3 Qb6 6. Bd3 cxd4 7. 0-0 Bd7 8. Re1 Nge7 9. h4 h5 10. a3 Nf5 11. b4 Be7 12. Bxf5 exf5 13. cxd4 Be6 14. Nc3 Rc8 15. Na4 Qd8 16. Bg5 0-0 17. Rc1 b6 18. Nc3 Qd7 19. Ne2 g6 20. Nf4 Rfe8 21. Qd3 Bf8 22. Bf6 Bg7 23. Ng5 Ne7 24. Bxe7 Qxe7 25. Ngxe6 fxe6 26. Nxg6 Qf7 27. Nf4 Bh6 28. Qf3 Bxf4 29. Qxf4 Kh7 30. Rxc8 Rxc8 31. Rc1 Rxc1+ 32. Qxc1 Qg7 33. Qf4 Qc7 34. Qg5 Qf7 35. f3 Qe8 36. Kf2 Qf7 37. Ke3 a6 38. Kf4 Qe8 39. Qf6 Qd7 40. Kg5 a5 41. Qg6+ Kh8 42. Qxh5+ 1-0

[Event "Vecindario Montalvo Memorial 15th"]
[Site "Vecindario"]
[Date "2023.04.06"]
[Round "6"]
[White "Garcia Blanco, Omar"]
[Black "Strikovic, Aleksa"]
[Result "1/2-1/2"]
[WhiteElo "2404"]
[BlackElo "2447"]
[PlyCount "27"]
[EventDate "2023.04.02"]
[EventType "swiss"]
[EventRounds "9"]
[EventCountry "ESP"]
[SourceTitle "CBM 213 Extra"]
[Source "ChessBase"]
[SourceDate "2023.05.31"]
[SourceVersion "1"]
[SourceVersionDate "2023.05.31"]
[SourceQuality "1"]

1. e4 d6 2. d4 Nf6 3. Nc3 e5 4. Nf3 Nbd7 5. Rg1 g6 6. g4 Bg7 7. g5 Nh5 8. Be3 0-0 9. Qd2 Nb6 10. dxe5 dxe5 11. Qxd8 Rxd8 12. Nb5 Bd7 13. 0-0-0 Bxb5 14. Bxb5 1/2-1/2